Advancement of crops and monitoring of environment / (Record no. 2677)
[ view plain ]
| 000 -LEADER | |
|---|---|
| fixed length control field | 00558cam a2200205ua 4500 |
| 020 ## - INTERNATIONAL STANDARD BOOK NUMBER | |
| ISBN | 81 7019 310 9 |
| 041 ## - LANGUAGE CODE | |
| Language code of text/sound track or separate title | eng |
| 082 ## - DEWEY DECIMAL CLASSIFICATION NUMBER | |
| Classification number | 633.08 |
| Item number | VER/AD |
| 100 ## - MAIN ENTRY--AUTHOR NAME | |
| Personal name | Verma, G P . |
| 245 00 - TITLE STATEMENT | |
| Title | Advancement of crops and monitoring of environment / |
| 250 ## - EDITION STATEMENT | |
| Edition statement | 1 / |
| 260 ## - PUBLICATION, DISTRIBUTION, ETC. (IMPRINT) | |
| Place of publication | Newdelhi : |
| Name of publisher | Today and tomorrows printers and publishers , |
| Year of publication | 1988. |
| 300 ## - PHYSICAL DESCRIPTION | |
| Number of Pages | 418 ; . |
| 942 ## - ADDED ENTRY ELEMENTS (KOHA) | |
| Koha item type | Books |
| Withdrawn status | Lost status | Damaged status | Home library | Current library | Date acquired | Full call number | Accession Number | Koha item type |
|---|---|---|---|---|---|---|---|---|
| KAUAET | KAUAET | 07/04/2012 | 633.08 | 19711 | Books | |||
| KAUAET | KAUAET | 07/04/2012 | 633.08 | 19611 | Books | |||
| KAUAET | KAUAET | 07/04/2012 | 633.08 | 19612 | Books |
